000 00473nam a2200181Ia 4500
001 22917
003 GE_BSU
008 181216s||||||||xx |||||||||||||| ||und||
040 _cGE_BSU
245 _aParis Match, du 18 au 25 juillet. №3610. 2018
260 _aParis
260 _c2018
300 _a122 p. 30cm. ill.
653 _aParis Match, du 18 au 25 juillet. №3610. 2018
653 _aПериодика
653 _aპერიოდიკა
942 _cCR
999 _c55820
_d55820